| 000 | 00807nam a22002057a 4500 | ||
|---|---|---|---|
| 999 |
_c4583 _d4583 |
||
| 001 | 6267 | ||
| 003 | BD-DhUAP | ||
| 005 | 20201115112230.0 | ||
| 008 | 201115s2000 bg |||| |||| 001 0 ben d | ||
| 020 | _a9845620875 | ||
| 040 |
_aBD-DhUAP _bBen _cBD-DhUAP _dBD-DhUAP |
||
| 082 |
_223 _a 891.4409 GUP |
||
| 100 | _aগুপ্ত, ক্ষেত্র। | ||
| 245 |
_aবাংলা সাহিত্যের সমগ্র ইতিহাস / _cক্ষেত্র গুপ্ত। |
||
| 260 |
_aঢাকা : _bজাতীয় গ্রন্থ প্রকাশন, _cc২০০০। |
||
| 300 |
_a৪৯০ পৃষ্ঠা ; _c২১ সেমি.। |
||
| 500 | _aনিঘন্ট সম্বলিত। | ||
| 650 |
_aBengali literature _vHistory and criticism. |
||
| 942 |
_2ddc _cBK |
||